Score 0/24 Timer 04:00
1 Play Today
Movie Word (A-Y) % Correct
Million ____ BabyDollar
98.3%
Wild ____ WestWild
96.5%
West ____ StorySide
96.4%
My ____ LadyFair
95.9%
The ____ CommandmentsTen
95.4%
Behind ____ LinesEnemy
93.4%
Full ____ JacketMetal
91.5%
Dead ____ SocietyPoets
91.5%
Being ____ MalkovichJohn
88.8%
Kramer ____ Kramervs.
88.6%
12 ____ MenAngry
88.1%
A ____ OrangeClockwork
86.5%
Movie Word (A-Y) % Correct
Cool ____ LukeHand
85.3%
Gone ____ GoneBaby
80.6%
Silver ____ PlaybookLinings
78.5%
Bringing ____ BabyUp
76.6%
Bullets ____ BroadwayOver
72.4%
The ____ FieldsKilling
66.4%
His ____ FridayGirl
62.6%
The ____ AmericanQuiet
58.8%
The ____ VictoriaYoung
54.1%
Destry ____ AgainRides
46.2%
The ____ ManInvisible
43.9%
My ____ TotoroNeighbor
24.2%

Today's Daily Dose

Missing Word
Train Books

Word Ladder
Piano Man

Quick Pick
Google Products

Get the Picture
Moana or Coco

Remove Ads.
Support Sporcle.
Get the best of Sporcle when you Go Orange. This ad-free experience offers more features, more stats, and more fun while also helping to support Sporcle. Thank you for becoming a member.

You're not logged in!

Compare scores with friends on all Sporcle quizzes.
OR
Log In

Show Comments

Extras

Top Quizzes Today


Score Distribution

Your Account Isn't Verified!

In order to create a playlist on Sporcle, you need to verify the email address you used during registration. Go to your Sporcle Settings to finish the process.

Report this User

Report this user for behavior that violates our Community Guidelines.

Details: